| 000 | 00000nam##2200000za#4500 |
| 001 | 9.700306 |
| 003 | CaOODSP |
| 005 | 20210625000757 |
| 007 | cr ||||||||||| |
| 008 | 150407|1993||||xxc|||||o f|0| 0 eng|d |
| 040 | |aCaOODSP|beng |
| 043 | |an-cn--- |
| 086 | 1 |aA53-1889/1993E-PDF |
| 110 | 1 |aCanada.|bAgriculture Canada. |bCommunications Branch. |
| 245 | 10|aMeadow bromegrass / |h[electronic resource]|c[by] R.P. Knowles, V.S. Baron, D.H. McCartney. |
| 260 | |aOttawa - Ontario : |bAgriculture Canada. |cc1993. |
| 300 | |a20p.|bfigs., illus., references, tables |
| 500 | |aHistorical publication digitized by Agriculture and Agri-Food Canada. |
| 590 | |a15-02-Supp|b2015-02-16 |
| 690 | 07|aGardening|2gcpds |
| 690 | 07|aNorthern Canada|2gcpds |
| 720 | 1 |aKnowles, R. P. |
| 720 | 1 |aBaron, V. S. |
| 720 | 1 |aMcCartney, D. H. |
| 775 | 08|tLe brome des prés / |w(CaOODSP)9.644201 |
| 856 | 40|ahttp://publications.gc.ca|qPDF|s1166 KB|uhttps://publications.gc.ca/collections/collection_2015/aac-aafc/A53-1889-1993-eng.pdf |
| 986 | |aPublication 1889/E |